000 02512nam a22003137a 4500
005 20090728145142.0
008 090728t xxu||||| |||| 00| 0 ur d
010 _aB-347763-768
020 _a9788123753041
_c45.00
035 _aB-347763-768
037 _bنارتھ انڈيا پبليشرز اينڈ ڈسٹريبيوٹرز
040 _adpl
_bUdru
082 _a954.082
100 _aانيتا اندر سنگھ
245 _aتقسيم ہند /
_cby انيتا سنگھ مترجم مرزا اے-بی بيگ
246 _aTaqseem-e-Hind
_bby Anita Inder Singh Translated by Mirza A.B.Baig
_hUrdu
260 _aNew Delhi
_bNational Book Trust of India
270 _aPlot No-5,Instiutional area.Phase-2,Vasant Kunj
_bNew Delhi
_e110070
300 _a104p
_b22c.m.(pbk)
710 _aمرزا -اے -بی -بيگ
942 _2ddc
_cUR
_h954.082
_mا ن ی
999 _c28741
_d28741